Acerca de la cerámica Tiwanaku y una vasija del valle Azapa (Arica, Norte Grande de Chile) /

La intención de este artículo ha sido contribuir a la comprensión de la problemática Tiwanaku en Arica, usando como "excusa" el redescubrimiento de una vasija excepcional, proveniente del sitio funerario Az-71a del valle de Azapa excavado por G. Focacci. Lo significativo de la vasija es que la pintu...

Full description

Bibliographic Details
Main Author: Uribe R., Mauricio
Format: Analitica de revista
Language:Spanish
Subjects:

MARC

LEADER 00000cab a2200000 a 4500
001 031578
003 UAHC_CL
005 20180731123738.0
008 050606b xx j 000 1 spa
952 |0 0  |1 0  |4 0  |6 ESTUD___ATACAMEÑOS27_04_000000000000000  |7 0  |8 General  |9 61655  |a BC  |b BC  |c General  |d 2017-08-03  |l 0  |o ESTUD. ATACAMEÑOS-27/04  |p FICTICIO2431  |r 2019-01-08 00:00:00  |t 1  |w 2017-08-03  |y REVA 
999 |c 31578  |d 31578 
040 |a UAHC_CL  |c UAHC_CL  |d UAHC_CL 
100 1 |a Uribe R., Mauricio 
245 1 0 |a Acerca de la cerámica Tiwanaku y una vasija del valle Azapa (Arica, Norte Grande de Chile) /  |c Mauricio Uribe R. 
500 |a En: Estud. atacam., 2004, no.27, p.77-101. ISSN 0718-1043. 
520 |a La intención de este artículo ha sido contribuir a la comprensión de la problemática Tiwanaku en Arica, usando como "excusa" el redescubrimiento de una vasija excepcional, proveniente del sitio funerario Az-71a del valle de Azapa excavado por G. Focacci. Lo significativo de la vasija es que la pintura reproduce no sólo la imagen, sino también el antiquísimo tema del "Señor de los Cetros", cuya manifestación es prácticamente inexistente en la alfarería y más bien privativa de la escultura lítica del altiplano. De hecho, esta sería la única manifestación de aquello elaborado en dicho soporte dentro de toda la órbita de distribución de los materiales altiplánicos conocidos hasta ahora. De todo ello deriva la exclusividad de la pieza y, por lo mismo, la usamos para reflexionar sobre la denominada "expansión Tiwanaku", específicamente hacia los Valles Occidentales del Area Centro Sur Andina. En función de lo anterior revisamos y registramos las colecciones cerámicas y su iconografía, en especial, aquellas piezas de la periferia de la esfera de interacción del Estado altiplánico, centrándonos en el valle de Azapa 
650 4 |a ALFARERIA 
773 0 |t Estudios Atacameños.  |w 031462 
900 |a ESTUD. ATACAMEÑOS-27/04 
942 |c REVA  |2 ddc